000 01146nam a2200217 4500
005 20250411100120.0
008 250411b |||||||| |||| 00| 0 eng d
020 _a9788119635078
037 _cTextual
040 _aRTL
_cRTL
084 _aY73(P31).211 R5
_qRTL
100 _aLakshman Nirmala
_9752127
245 _aThe tamils: A portrait of a community
260 _aNew Delhi
_bAleph book company
_c2025
300 _aix, 442 p. ill.
_bIncludes bibliographical reference and index
521 _aTamils: A Portrait of a Community Nearly 90 million people around the world identify as Tamil, a proud and ancient community with a unique language, history, and culture. The Tamil people have given India and the world some of its most iconic revolutionaries and political leaders, industrialists, philosophers, sportspeople, scientists, and mathematicians (including winners of the Nobel Prize), and celebrated writers, poets, dancers, musicians, and actors
650 _aTamils cultural society
_9752128
650 _aCulture of Madras
_9752129
650 _aHistory of tamils
_9752130
942 _2CC
_n0
_cTB
_hY73(P31).211 R5
999 _c1308850
_d1308850